Normal view
MARC view
- Population forecasting
Entry Topical Term
001 - CONTROL NUMBER
- control field: 118608
003 - CONTROL NUMBER IDENTIFIER
- control field: NUST
005 - DATE AND TIME OF LATEST TRANSACTION
- control field: 20231105183655.0
008 - FIXED-LENGTH DATA ELEMENTS
- fixed length control field: 231105|| aca||aabn | a|a d
040 ## - CATALOGING SOURCE
- Original cataloging agency: NUST
- Transcribing agency: NUST
150 ## - HEADING--TOPICAL TERM
- Topical term or geographic name entry element: Population forecasting
- Topical term or geographic name entry element: Sustainable development
670 ## - SOURCE DATA FOUND
- Source citation: Work cat.: (NUST)606788: Ikram Azam (Editor) 118607, Some significant 21st century trends and issues, poverty, population, peace, and sustainability/, 1998.
